Dražší elektřina pro provozovatele mikrozdrojů: Diskriminace, nebo spravedlnost?

Na ťažšiu predvídateľnosť spotreby domácností s vlastnými fotovoltickými zdrojmi začali toto leto reagovať prví dodávatelia elektriny. Takéto domácnosti podliehajú dodatočnému poplatku, ktorý údajne odráža náklady na dodatočnú nerovnováhu vyplývajúcu z vlastnej spotreby. Takáto cenová diferenciácia...

ver descrição completa

Na minha lista:
Detalhes bibliográficos
Autor principal: Martinec, Tomáš
Formato: Capítulo de Livro
Idioma:tcheco
Assuntos:
Tags: Adicionar Tag
Sem tags, seja o primeiro a adicionar uma tag!

MARC

LEADER 00000naa a2200000 4500
001 0304299
005 20240924121126.8
041 0 |a cze 
044 |a CZ 
245 1 0 |a Dražší elektřina pro provozovatele mikrozdrojů: Diskriminace, nebo spravedlnost?  |c Tomáš Martinec 
520 |a Na ťažšiu predvídateľnosť spotreby domácností s vlastnými fotovoltickými zdrojmi začali toto leto reagovať prví dodávatelia elektriny. Takéto domácnosti podliehajú dodatočnému poplatku, ktorý údajne odráža náklady na dodatočnú nerovnováhu vyplývajúcu z vlastnej spotreby. Takáto cenová diferenciácia je opodstatnená, pretože dodávatelia elektriny nesú zodpovednosť za nerovnováhu a musia prevádzkovateľom sietí kompenzovať akúkoľvek nerovnováhu spôsobenú ich zákazníkmi. 
610 2 0 |a regulácia cenová 
610 2 0 |a spotreba domácností 
610 2 0 |a energetika 
610 2 0 |a energia slnečná 
100 1 |a Martinec, Tomáš